| 000 | 00341nam a2200133Ia 4500 | ||
|---|---|---|---|
| 005 | 20251222153548.0 | ||
| 008 | 251222s9999||||xx |||||||||||||| ||spa|| | ||
| 082 | _a364.150.985/B25 | ||
| 100 | _aBarrig, Maruja | ||
| 245 | 0 | _aEl Aborto en Debate: | |
| 250 | _a1ra. ed. | ||
| 264 | _bAsociación SUMBI & The Population Council | ||
| 942 | _cLIB | ||
| 999 |
_c30723 _d30723 |
||